00495 2200181 4500245004700000020002200047250001100069100002300080700002000103700001800123650002100141005001900162260007600181041001400257084001000271300002300281336000900304 aOlahraga Apa AkucKhulatul MubarokahhText a978-602-437-772-4 aCet. 1 aKhulatul Mubarokah aDhika Alexander aWena Wiraksih aCerita Bergambar a20240926122633 aJakartabKementerian Pendidikan, Kebudayaan, Riset, dan Teknologic2019 aIndonesia a741.5 a22 hlm. :c29,7 cm atext